Inter Milan Captains - Statistics

General Stats
  • This quiz has been taken 75 times
  • The average score is 9 of 27
Answer Stats
Hint Answer % Correct
2001-2014 Javier Zanetti
96%
2023- Lautaro Martinez
90%
2019-2013 Samir Handanovic
76%
2015-2019 Mauro Icardi
73%
1992-1999 Guiseppe Bergomi
67%
1977-1978 Giacinto Facchetti
63%
1931-1940 Guiseppe Meazza
63%
1970-1977 Sandro Mazzola
58%
2014-2015 Andrea Ranocchia
51%
1985-1988 Alessandro Altobelli
45%
1999-2001 Ronaldo
40%
1967-1970 Mario Corso
34%
1988-1992 Giuseppe Baresi
33%
1962-1967 Armando Picchi
27%
1909-1915 Virgilio Fossati
15%
1958-1961 Antonio Angelillo
13%
1915-1922 Ermanno Aebi
13%
1978-1985 Graziano Bini
9%
1940-1943 Attilio Demaria
7%
1954-1956 Gino Armano
4%
1943-1950 Aldo Campatelli
3%
1961-1962 Bruno Bolchi
3%
1956-1957 Giovanni Giacomazzi
3%
1957-1958 Giovanni Invernizzi
3%
1909 Hernst Marktl
3%
1922-1931 Leopoldo Conti
3%
1950-1954 Attilio Giovannini
1%
No matching quizzes found
Score Distribution
Percent of People with Each Score
Percentile by Number Answered
Your Score History
You have not taken this quiz